Normal view MARC view
  • González Arratia López Fuentes, Norma Ivonne

Entry Nombre Personal

Number of records used in: 8

001 - NUMERO DE CONTROL

  • campo de control: 42189

003 - IDENTIFICADOR DE NUMERO DE CONTROL

  • campo de control: UPN

005 - FECHA Y HORA DE LA ÜLTIMA TRANSACCIÓN

  • campo de control: 20210219194616.0

008 - DATOS DE LONGITUD FIJA

  • campo de control de longitud fija: nabaccnnaabn|||||||||| b |nc|||||d

035 ## - NUMERO DE CONTROL

  • Número de control: UPN11000014296

040 ## - FUENTE DE CATALOGACIÓN

  • Lenguaje de catalogación: SPA
  • Agencia de transcripción: UPN

100 1# - ENCABEZAMIENTO - NOMBRE PERSONAL

  • Nombre personal: González Arratia López Fuentes, Norma Ivonne

670 ## - FUENTE EN LA QUE SE LOCALIZARON DATOS

  • Cita de la fuente: T
  • Información localizada: http://www.imedpub.com/editor-profile/Dr_Norma_Ivonne_Gonzlez_Arratia_Lpez_Fuentes/

680 ## - NOTA PUBLICA DE ACCESO PÚBLICO

  • Frase explicativa de la referencia: Máster completado de la Facultad de Ciencias del Comportamiento de la Universidad Autónoma del Estado de México. Dra. en Investigación Psicológica por la Universidad Iberoamericana. Miembro de SNI Nivel 2, tiene un perfil Promep y es un líder de Cultura Académica y Personalidad Consolidada

902 ## - CATALOGADOR

  • Catalogador: EMR/300119